|
|
|
|
| LEADER |
01344nab a2200253 i 4500 |
| 001 |
misc61990 |
| 005 |
20241015105546.0 |
| 008 |
230502s1965 hu o 000 eng d |
| 040 |
|
|
|a SZTE Miscellanea Repozitórium
|b hun
|
| 041 |
|
|
|a eng
|
| 100 |
1 |
|
|a Poppe Nikolaj Nikolaevič
|
| 245 |
1 |
0 |
|a Denis Sinor, Introduction à l'étude de l'Eurasie Centrale. Otto Harrassowitz, Wiesbaden 1963
|h [elektronikus dokumentum] :
|b [review] /
|c Poppe Nikolaj Nikolaevič
|
| 260 |
|
|
|a Mouton ; Harrassowitz
|b The Hague ; Wiesbaden
|c 1965
|
| 300 |
|
|
|a 71-75
|c 25 cm
|
| 300 |
|
|
|a [5] p.
|c 25 cm
|
| 490 |
0 |
|
|a Central Asiatic journal : international periodical for the languages, literature, history and archaeology of Central Asia;Central Asiatic journal : international periodical for the languages, literature, history and archaeology of Central Asia
|
| 561 |
|
|
|a Németh Gyula hagyaték
|
| 591 |
|
|
|a LOA 2849; NOA 4633; NOA 4634
|
| 650 |
|
4 |
|a Bölcsészettudományok
|
| 650 |
|
4 |
|a Történettudomány és régészet
|
| 650 |
|
4 |
|a Nyelvek és irodalom
|
| 695 |
|
|
|a Belső-Ázsia - bibliográfia - könyvismertetés, Finnugor népek és nyelvek - bibliográfia - könyvismertetés, Altaji népek és nyelvek - bibliográfia - könyvismertetés
|
| 700 |
0 |
1 |
|a Sinor Dénes
|
| 856 |
4 |
0 |
|u http://misc.bibl.u-szeged.hu/61990/1/4633_noa_001.pdf
|z Dokumentum-elérés
|